Score 0/33 Timer 03:00
12 Plays Today
% Correct
Amendments
98%
Bart
97.8%
Lisa
97.4%
Reading
97.4%
Maggie
96.9%
Writing
96.9%
Franklin D. Roosevelt
96.4%
Batting Average
96.3%
Home Runs
96.3%
Runs Batted In
96.1%
Winston Churchill
96.1%
Cloak of Invisibility
95.8%
Belgium
95.7%
Joseph Stalin
95.7%
Beyoncé Knowles
95.6%
Arithmetic
95.6%
Luxembourg
95.5%
% Correct
Atlantic Avenue
95.5%
The Netherlands
95.4%
Buddha
95.4%
Ventnor Avenue
94.7%
Sangha
94.4%
Articles
94.3%
Resurrection Stone
94.3%
Dharma
94.2%
Farrah Fawcett
93.8%
Preamble
93.5%
Elder Wand
93.4%
Marvin Gardens
92.8%
Jaclyn Smith
90.6%
Kelly Rowland
90.2%
Kate Jackson
90%
Michelle Williams
85.3%
Remove Ads.
Support Sporcle.
Get the best of Sporcle when you Go Orange. This ad-free experience offers more features, more stats, and more fun while also helping to support Sporcle. Thank you for becoming a member.

You're not logged in!

Compare scores with friends on all Sporcle quizzes.
OR
Log In

Show Comments

Extras

Top Quizzes Today


Score Distribution

Your Account Isn't Verified!

In order to create a playlist on Sporcle, you need to verify the email address you used during registration. Go to your Sporcle Settings to finish the process.

Report this User

Report this user for behavior that violates our Community Guidelines.

Details: